000 00609nam a2200241Ia 4500
008 181129s9999 xx 000 0 und d
020 _a9780545246842
050 _bC993 2008
100 _aCuyler, Margery
245 0 _aWe're going on a lion hunt /
245 0 _cadapted by Margery Cuyler ; illustrated by Joe Mathieu.
260 _aNew York, NY :
260 _bScholastic,
260 _c2008
300 _aunpaged :
300 _bcolor illustrations ;
300 _c20cm.
500 _a40L
650 _aHunting stories.
650 _aLion.
700 _aMathieu, Joe.
700 _aTitle.
999 _c359985
_d359985